000 00945nam a22003017a 4500
003 CHAP
005 20220329134730.0
008 971013s1976 r 00010 d
010 _a24999
011 _a25971
035 _a30071
040 _cCHAP
082 _a021.65
_bI58
110 _aInstituto Interamericano de Ciencias Agrícolas de la OEA.
_959209
245 _aIntegración de los sistemas de información existentes en Centro América
260 _aSan José, C.R. :
_bIICA,
_c1976
300 _a(138) p
490 _aManual
_v; 8
590 _aBATCH-UPD
_b10
_c20130110
_lUCH01
_h1303
590 _aBATCH-UPD
_b10
_c20130410
_lUCH01
_h0820
590 _aBATCH-UPD
_b10
_c20130914
_lUCH01
_h1744
590 _aCONVERSION
_b10
_c20130109
_lUCH01
_h1314
650 1 4 _aSistemas de información.
_9106760
830 0 _aManual
_v; 8
_970599
901 _aBK
942 _cLIBRO
949 _a021.65 I58
_bBC
_cB
_d-69381
_eB
_h71660
_i30071
_mD
_si
999 _c24999
_d24999